Central Library OPAC University of Rajshahi

The law of cross-examination : (Record no. 59401)

MARC details
000 -LEADER
fixed length control field 00700nam a2200217 a 4500
001 - CONTROL NUMBER
control field 59401
003 - CONTROL NUMBER IDENTIFIER
rucl marc code BD-RjUL
005 - DATE AND TIME OF LATEST TRANSACTION
control field 20211209080726.0
008 - FIXED-LENGTH DATA ELEMENTS--GENERAL INFORMATION
fixed length control field 161224s1969 pk c 001 0 eng
035 ## - SYSTEM CONTROL NUMBER
System control number (BD-RjUL) 59525
040 ## - CATALOGING SOURCE
Original cataloging agency DLC
Transcribing agency DLC
Modifying agency DLC
-- BD-RjUL
Language of cataloging eng
041 ## - LANGUAGE CODE
Language code of text/sound track or separate title eng
082 00 - DEWEY DECIMAL CLASSIFICATION NUMBER
Classification number 347.5491066
Edition number 23
Author mark and year SAL 1969
100 1# - MAIN ENTRY--PERSONAL NAME
Personal name Sabri, Masud-ul-Hassan Khan.
9 (RLIN) 176659
245 14 - TITLE STATEMENT
Title The law of cross-examination :
Remainder of title Pakistan & international with law of evidence.
Statement of responsibility, etc. Masud-ul-Hassan Khan Sabri
260 ## - PUBLICATION, DISTRIBUTION, ETC. (IMPRINT)
Place of publication, distribution, etc. Lahore :
Name of publisher, distributor, etc. Khyber Law Publishers,
Date of publication, distribution, etc. 1969.
300 ## - PHYSICAL DESCRIPTION
Pagination vii, 308 p. :
Illustrations ill. ;
Size 23 cm.
500 ## - GENERAL NOTE
General note Includes index.
650 #0 - SUBJECT ADDED ENTRY--TOPICAL TERM
Topical term or geographic name as entry element Cross-examination
Geographic subdivision Pakistan.
9 (RLIN) 176660
942 ## - ADDED ENTRY ELEMENTS (KOHA)
Source of classification or shelving scheme Dewey Decimal Classification
Koha item type Books
Holdings
Lost status Source of classification or shelving scheme Damaged status Not for loan Collection code Permanent Location Current Location Shelving location Date acquired Source of acquisition Cost, normal purchase price Total Checkouts Full call number Date last seen Copy number Koha item type
  Dewey Decimal Classification   Not For Loan Non-fiction Central Library, University of Rajshahi Central Library, University of Rajshahi Reading Room 25/08/1972 Paramater Book Cor. 15.00   347.5491066 SAL 1969 24/12/2016 C-1 Books